[Event "Women's Olympiad"]
[Site "Dresden GER"]
[Date "2008.11.17"]
[EventDate "2008.11.13"]
[Round "5"]
[Result "1/2-1/2"]
[White "Khayala Isgandarova"]
[Black "Andjelija Stojanovic"]
[WhiteElo "2206"]
[BlackElo "2357"]
[PlyCount "106"]

1. e4 c5 2. Nc3 Nc6 3. d3 d6 4. g3 g6 5. Be3 Bg7 6. Qd2 Qa5
7. Bg2 e6 8. Nf3 Nd4 9. O-O Ne7 10. Bh6 O-O 11. Nd5 Qd8
12. Nxe7+ Qxe7 13. Nxd4 cxd4 14. Bxg7 Kxg7 15. c3 dxc3
16. Qxc3+ e5 17. d4 b6 18. Rac1 Bb7 19. d5 Rfc8 20. Qa3 Rxc1
21. Rxc1 Rc8 22. Rxc8 Bxc8 23. Qc3 Bb7 24. Bh3 f5 25. f3 fxe4
26. fxe4 h5 27. Be6 Ba6 28. Kg2 Qf6 29. Qf3 Qxf3+ 30. Kxf3 Kf6
31. h4 Bc4 32. b3 Bd3 33. Ke3 Bb1 34. a3 Bc2 35. b4 Bd1
36. Bd7 Ke7 37. Bb5 Bc2 38. a4 a5 39. bxa5 bxa5 40. Bc6 Kf6
41. Bb5 g5 42. Be8 gxh4 43. gxh4 Ke7 44. Bc6 Kd8 45. Bb5 Kc7
46. Be8 Bd1 47. Kd2 Bf3 48. Bg6 Kb6 49. Kc3 Kc5 50. Bf5 Bd1
51. Bd7 Be2 52. Be8 Bg4 53. Bf7 Bd1 1/2-1/2

[Event "Women's Olympiad"]
[Site "Dresden GER"]
[Date "2008.11.20"]
[EventDate "2008.11.13"]
[Round "7"]
[Result "1-0"]
[White "Andjelija Stojanovic"]
[Black "Kieu Thien Kim Le"]
[WhiteElo "2357"]
[BlackElo "2291"]
[PlyCount "105"]

1. e4 Nf6 2. e5 Nd5 3. d4 d6 4. c4 Nb6 5. exd6 cxd6 6. Bd3 g6
7. Nc3 Bg7 8. Nge2 O-O 9. O-O Nc6 10. d5 Ne5 11. b3 Nxd3
12. Qxd3 Bf5 13. Qd2 a5 14. Bb2 a4 15. Nb5 Bxb2 16. Qxb2 Bd3
17. Rfd1 Bxe2 18. Qxe2 Qd7 19. b4 Rac8 20. Na3 Rc7 21. Rac1
Rfc8 22. Rc2 Qf5 23. Rdc1 Qg5 24. g3 h5 25. Nb5 Rd7 26. h4 Qf5
27. Rc3 Na8 28. Rf3 Qe5 29. Re3 Qf6 30. Re1 Nb6 31. Re4 Kf8
32. a3 Ra8 33. Qd3 Kg8 34. Rf4 Qg7 35. Rfe4 Qf6 36. Rf4 Qg7
37. Qe3 Nc8 38. Rd4 Qf6 39. Re4 Qg7 40. Kg2 Qf6 41. Re2 Qg7
42. f4 Qf6 43. Rf2 Rd8 44. f5 Kh7 45. fxg6+ Qxg6 46. Ref4 f6
47. Nc7 Rb8 48. Ne6 Rg8 49. Rf5 Nb6 50. Qd3 Kh8 51. Nf4 Qg4
52. Rxh5+ Kg7 53. Rg5+ 1-0

[Event "Women's Olympiad"]
[Site "Dresden GER"]
[Date "2008.11.23"]
[EventDate "2008.11.13"]
[Round "10"]
[Result "1/2-1/2"]
[White "Andjelija Stojanovic"]
[Black "Inna Gaponenko"]
[WhiteElo "2357"]
[BlackElo "2473"]
[PlyCount "91"]

1. e4 c5 2. Nf3 d6 3. Nc3 Nc6 4. d4 cxd4 5. Nxd4 e6 6. Be3 Nf6
7. f3 d5 8. Bb5 Bd7 9. exd5 exd5 10. Nde2 Be6 11. Qd2 Bb4
12. Rd1 O-O 13. O-O Qa5 14. a3 Be7 15. Nd4 Qc7 16. Rfe1 Bd6
17. g3 Nxd4 18. Bxd4 Bc5 19. Bxc5 Qxc5+ 20. Qd4 Rac8 21. Ba4
Qxd4+ 22. Rxd4 Rc4 23. Red1 Rfc8 24. Bb3 Rxd4 25. Rxd4 Kf8
26. Ne2 Ke7 27. Kf2 a6 28. Ke3 Nd7 29. Nf4 Nf6 30. Kd2 Rc5
31. g4 g5 32. Ng2 h5 33. h3 hxg4 34. hxg4 Kd6 35. Ke3 Nd7
36. Ne1 Ne5 37. Nd3 Nxd3 38. Rxd3 Ke5 39. Rd2 Rc8 40. Re2 Rh8
41. Kf2+ Kd6 42. c3 Rh2+ 43. Ke1 Rh1+ 44. Kf2 Rh2+ 45. Ke1
Rh1+ 46. Kf2 1/2-1/2

[Event "Women's Olympiad"]
[Site "Dresden GER"]
[Date "2008.11.25"]
[EventDate "2008.11.13"]
[Round "11"]
[Result "1/2-1/2"]
[White "Lela Javakhishvili"]
[Black "Andjelija Stojanovic"]
[WhiteElo "2473"]
[BlackElo "2357"]
[PlyCount "84"]

1. d4 d5 2. Nf3 Nf6 3. c4 c6 4. e3 Bf5 5. Nc3 e6 6. Nh4 Bg6
7. Nxg6 hxg6 8. g3 Nbd7 9. a3 Be7 10. b3 a6 11. Bg2 Rc8
12. Bb2 b5 13. c5 a5 14. f4 Qc7 15. O-O Nh7 16. b4 a4 17. Qe2
f5 18. Bf3 Nhf6 19. g4 Rh4 20. g5 Ng4 21. Bxg4 Rxg4+ 22. Kh1
Kf7 23. Bc1 Rh8 24. Rf2 Rh3 25. Rg2 Rgh4 26. Bd2 Rh5 27. Rc1
Rh8 28. Rf1 Nf8 29. Rf3 R3h5 30. Nd1 Qd7 31. Nb2 Bd8 32. Nd3
Bc7 33. Kg1 Nh7 34. Rfg3 Nf8 35. Qf3 Bb8 36. Qe2 Bc7 37. Be1
Bb8 38. Bc3 Bc7 39. Rf2 Nh7 40. Rfg2 Nf8 41. Rf2 Bb8 42. Rfg2
Bc7 1/2-1/2

[Event "10th European Individual Women's Championship"]
[Site "St Petersburg RUS"]
[Date "2009.03.08"]
[EventDate "2009.03.08"]
[Round "1"]
[Result "1-0"]
[White "Katerina Cedikova"]
[Black "Andjelija Stojanovic"]
[WhiteElo "2150"]
[BlackElo "2372"]
[PlyCount "51"]

1. d4 d5 2. c4 c6 3. Nf3 Nf6 4. Nc3 dxc4 5. e4 b5 6. e5 Nd5
7. a4 e6 8. Ng5 Bb7 9. Qh5 Qd7 10. Be2 Nb4 11. O-O Nc2
12. axb5 Nxa1 13. bxc6 Nxc6 14. d5 Nxe5 15. dxe6 Qc6 16. exf7+
Kd8 17. Nf3 Nd3 18. Rd1 Bc5 19. Bxd3 cxd3 20. Rxd3+ Ke7
21. Qg5+ Kf8 22. Rd8+ Rxd8 23. Qxd8+ Kxf7 24. Ne5+ Ke6
25. Nxc6 Rxd8 26. Nxd8+ 1-0

[Event "10th European Individual Women's Championship"]
[Site "St Petersburg RUS"]
[Date "2009.03.09"]
[EventDate "2009.03.08"]
[Round "2"]
[Result "1-0"]
[White "Andjelija Stojanovic"]
[Black "Valery Rjanova"]
[WhiteElo "2372"]
[BlackElo "2113"]
[PlyCount "109"]

1. e4 c5 2. Nf3 d6 3. d4 cxd4 4. Qxd4 a6 5. c4 Nc6 6. Qd2 Nf6
7. Nc3 g6 8. Be2 Bg7 9. h3 O-O 10. O-O Rb8 11. Qe3 Bd7 12. Rb1
Qc8 13. Bd2 b6 14. Nd5 b5 15. Bc3 bxc4 16. Bxf6 exf6 17. Bxc4
Qb7 18. Qf4 f5 19. Qxd6 fxe4 20. Ng5 Rbe8 21. Nf6+ Bxf6
22. Qxf6 Ne5 23. Bxa6 Qd5 24. Rbd1 Qxa2 25. Bb7 Bb5 26. Rfe1
Qxb2 27. Nxe4 Bd3 28. Rxd3 Re6 29. Rd2 Qxd2 30. Nxd2 Rxf6
31. Rxe5 Rd8 32. Ne4 Re6 33. Rc5 Kg7 34. Rc7 Rde8 35. Rc4 f5
36. Ng5 R6e7 37. Bd5 h6 38. Nf3 Rd8 39. Rc5 Rde8 40. Nd4 Re1+
41. Kh2 R1e7 42. f4 Kh7 43. Nf3 Kg7 44. Rc6 Rd8 45. Bc4 Kh7
46. Ne5 Rg7 47. Rf6 Rd4 48. Bf7 g5 49. Bg6+ Kg8 50. fxg5 hxg5
51. Bxf5 Rd2 52. Be6+ Kh7 53. Ng4 Re7 54. Bf5+ Kg7 55. Rg6+
1-0

[Event "10th European Individual Women's Championship"]
[Site "St Petersburg RUS"]
[Date "2009.03.10"]
[EventDate "2009.03.08"]
[Round "3"]
[Result "1/2-1/2"]
[White "Olga Lelekova"]
[Black "Andjelija Stojanovic"]
[WhiteElo "2222"]
[BlackElo "2372"]
[PlyCount "82"]

1. e4 c5 2. Nf3 Nc6 3. g3 d6 4. Bg2 g6 5. O-O Bg7 6. c3 e5
7. Na3 Nge7 8. d3 O-O 9. Be3 a6 10. d4 cxd4 11. cxd4 Bg4
12. d5 Nd4 13. Bxd4 exd4 14. Qd3 Bxf3 15. Bxf3 f5 16. Rfe1
fxe4 17. Rxe4 g5 18. Re6 Ng6 19. Be4 Ne5 20. Bxh7+ Kh8 21. Qe4
d3 22. Bf5 Qb6 23. b3 Rxf5 24. Qxf5 Rf8 25. Qh3+ Kg8 26. Rf1
d2 27. Qh5 g4 28. Re8 Qxf2+ 29. Rxf2 d1=Q+ 30. Kg2 Qxd5+
31. Kf1 Qd1+ 32. Kg2 Qd5+ 33. Kf1 Qd3+ 34. Kg2 Qe4+ 35. Kf1
Qd3+ 36. Kg2 Qd5+ 37. Kf1 Qh1+ 38. Ke2 Qe4+ 39. Kf1 Qh1+
40. Ke2 Qe4+ 41. Kf1 Qh1+ 1/2-1/2

[Event "10th European Individual Women's Championship"]
[Site "St Petersburg RUS"]
[Date "2009.03.11"]
[EventDate "2009.03.08"]
[Round "4"]
[Result "1-0"]
[White "Andjelija Stojanovic"]
[Black "Natalija Popova"]
[WhiteElo "2372"]
[BlackElo "2266"]
[PlyCount "69"]

1. e4 c5 2. Nf3 Nc6 3. d4 cxd4 4. Nxd4 Nf6 5. Nc3 d6 6. Bg5
Bd7 7. Qd2 Rc8 8. Nxc6 Rxc6 9. f3 Qa5 10. h4 e6 11. O-O-O Be7
12. Kb1 O-O 13. Nd5 Qd8 14. Nxe7+ Qxe7 15. e5 Rfc8 16. exf6
gxf6 17. Bh6 Rxc2 18. Qf4 Kh8 19. Qg3 Rg8 20. Qxd6 Qxd6
21. Rxd6 Rc7 22. g4 Bc6 23. Be2 Bd5 24. Rc1 Re7 25. b3 Ra8
26. Rc3 Kg8 27. Kb2 Ree8 28. Bc4 Bc6 29. a4 Rec8 30. Bb5 Bd5
31. Bc4 Bc6 32. f4 a6 33. a5 Re8 34. f5 e5 35. Bd5 1-0

[Event "10th European Individual Women's Championship"]
[Site "St Petersburg RUS"]
[Date "2009.03.12"]
[EventDate "2009.03.08"]
[Round "5"]
[Result "1/2-1/2"]
[White "Nazi Paikidze"]
[Black "Andjelija Stojanovic"]
[WhiteElo "2280"]
[BlackElo "2372"]
[PlyCount "103"]

1. e4 c5 2. Nf3 Nc6 3. d4 cxd4 4. Nxd4 e5 5. Nb5 a6 6. Nd6+
Bxd6 7. Qxd6 Qf6 8. Qd1 Qg6 9. Nc3 d5 10. Nxd5 Qxe4+ 11. Ne3
Nge7 12. Bd3 Qh4 13. g3 Qf6 14. c3 O-O 15. Be4 Rd8 16. Qe2 h6
17. Bg2 Be6 18. O-O Qg6 19. Re1 Rac8 20. b3 Nd5 21. Bb2 Nxe3
22. Qxe3 Bd5 23. Bf1 Be6 24. Rac1 Qg5 25. Re2 Qxe3 26. fxe3 b5
27. e4 Rd7 28. Rec2 Rcd8 29. Kf2 Bg4 30. Ke3 f6 31. h3 Be6
32. g4 Kf7 33. Be2 Ne7 34. Ba3 Nc6 35. Bc5 Rc8 36. Rd2 Rxd2
37. Kxd2 Na5 38. Be3 Rc6 39. Kc2 Nb7 40. Ra1 Nd6 41. Bd3 Bc8
42. a4 b4 43. Bd2 Bb7 44. Kb2 bxc3+ 45. Bxc3 Rc8 46. Re1 g6
47. b4 Ke6 48. Kb3 Rb8 49. Bd2 h5 50. gxh5 gxh5 51. Ka3 Rg8
52. Re3 1/2-1/2

[Event "10th European Individual Women's Championship"]
[Site "St Petersburg RUS"]
[Date "2009.03.13"]
[EventDate "2009.03.08"]
[Round "6"]
[Result "1-0"]
[White "Andjelija Stojanovic"]
[Black "Maria Komiagina"]
[WhiteElo "2372"]
[BlackElo "2283"]
[PlyCount "79"]

1. e4 c5 2. Nf3 d6 3. d4 cxd4 4. Nxd4 Nf6 5. Nc3 a6 6. Bg5
Nbd7 7. f4 Qb6 8. Nb3 h6 9. Bxf6 Nxf6 10. Qd2 e5 11. O-O-O Be7
12. f5 Bd7 13. Be2 a5 14. Qd3 O-O 15. Nd2 Rfd8 16. Nc4 Qb4
17. Ne3 Bc6 18. Ned5 Bxd5 19. Nxd5 Nxd5 20. Qxd5 Rdc8 21. Bh5
Rf8 22. Rd3 Rac8 23. Rb3 Qa4 24. Kb1 Rc7 25. Be2 Qc6 26. Qd3
Rfc8 27. Rc3 Qa4 28. Rxc7 Rxc7 29. c3 Qc6 30. Rd1 a4 31. a3
Qb6 32. h3 Rc6 33. Qc2 Qa5 34. Rd5 Rc5 35. Rxc5 Qxc5 36. Qxa4
Qg1+ 37. Ka2 Qxg2 38. Qe8+ Kh7 39. Bc4 Qxe4 40. Qxf7 1-0

[Event "10th European Individual Women's Championship"]
[Site "St Petersburg RUS"]
[Date "2009.03.14"]
[EventDate "2009.03.08"]
[Round "7"]
[Result "1/2-1/2"]
[White "Tatjana Shumiakina"]
[Black "Andjelija Stojanovic"]
[WhiteElo "2324"]
[BlackElo "2372"]
[PlyCount "60"]

1. d4 d5 2. c4 e5 3. dxe5 d4 4. Nf3 Nc6 5. g3 Nge7 6. Bg2 Ng6
7. O-O Be7 8. Nbd2 Ngxe5 9. b3 O-O 10. Bb2 Nxf3+ 11. Nxf3 Bf6
12. Qd2 Qd6 13. Rad1 Bg4 14. h3 Bxf3 15. Bxf3 Rad8 16. a3 b6
17. Bg2 Ne7 18. Qc2 c5 19. Rd3 Ng6 20. f4 Qe7 21. Bc1 Rfe8
22. Re1 Qc7 23. Kh1 Ne7 24. e4 g6 25. Qf2 Bg7 26. Bd2 a6
27. a4 Nc6 28. e5 f6 29. exf6 Bxf6 30. g4 Rxe1+ 1/2-1/2

[Event "10th European Individual Women's Championship"]
[Site "St Petersburg RUS"]
[Date "2009.03.16"]
[EventDate "2009.03.08"]
[Round "8"]
[Result "0-1"]
[White "Andjelija Stojanovic"]
[Black "Nana Dzagnidze"]
[WhiteElo "2372"]
[BlackElo "2518"]
[PlyCount "86"]

1. e4 c5 2. Nf3 d6 3. d4 cxd4 4. Qxd4 a6 5. Be3 Nf6 6. Nc3 Ng4
7. O-O-O Nc6 8. Qb6 Nxe3 9. Qxe3 e6 10. Nd4 Be7 11. f4 O-O
12. Kb1 Qb6 13. Nf5 Qxe3 14. Nxe3 b5 15. Be2 Bb7 16. Bf3 Rac8
17. Ne2 Na5 18. Nd4 Nc4 19. Rhe1 g6 20. Nxc4 Rxc4 21. Nb3 Ba8
22. Rd3 b4 23. Nd2 Rc5 24. e5 Bxf3 25. Nxf3 d5 26. Nd4 h5
27. g3 Rfc8 28. Re2 Bd8 29. h3 Bb6 30. Nf3 Rc4 31. b3 Re4
32. Rg2 Rc3 33. Ng5 Re1+ 34. Kb2 Rxd3 35. cxd3 Bd4+ 36. Kc2
Ra1 37. Rd2 Bc3 38. Re2 Rxa2+ 39. Kd1 Ra1+ 40. Kc2 a5 41. Nf3
a4 42. bxa4 Ra2+ 43. Kd1 b3 0-1

[Event "10th European Individual Women's Championship"]
[Site "St Petersburg RUS"]
[Date "2009.03.17"]
[EventDate "2009.03.08"]
[Round "9"]
[Result "1/2-1/2"]
[White "Olga Stjazhkina"]
[Black "Andjelija Stojanovic"]
[WhiteElo "2280"]
[BlackElo "2372"]
[PlyCount "86"]

1. d4 d6 2. e4 Nf6 3. Nc3 e5 4. dxe5 dxe5 5. Qxd8+ Kxd8 6. Bg5
Nbd7 7. O-O-O c6 8. Bc4 Ke8 9. f3 b5 10. Bb3 Nc5 11. Nge2 Nfd7
12. Ng3 f6 13. Be3 a5 14. a4 b4 15. Nce2 g6 16. f4 Nxb3+
17. cxb3 Nc5 18. Kc2 h5 19. h4 Be6 20. Nc1 Nxe4 21. Nce2 Nxg3
22. Nxg3 Bh6 23. Rhf1 Bd5 24. Rfe1 Bg7 25. fxe5 fxe5 26. Bg5
Rf8 27. Ne4 Kd7 28. Rd2 Rf7 29. Red1 Kc7 30. Rxd5 cxd5
31. Rxd5 Rd7 32. Rc5+ Kb7 33. Rb5+ Kc8 34. Rb6 Raa7 35. Nd6+
Kc7 36. Be3 Ra8 37. Nc4 e4 38. Rxg6 Bd4 39. Bxd4 Rxd4 40. Rg7+
Kc6 41. Rg6+ Kc7 42. Rg7+ Kc6 43. Rg6+ Kc7 1/2-1/2

[Event "10th European Individual Women's Championship"]
[Site "St Petersburg RUS"]
[Date "2009.03.18"]
[EventDate "2009.03.08"]
[Round "10"]
[Result "1-0"]
[White "Andjelija Stojanovic"]
[Black "Olga Iljushina"]
[WhiteElo "2372"]
[BlackElo "2269"]
[PlyCount "119"]

1. Nf3 c5 2. c4 Nc6 3. Nc3 e5 4. d3 g6 5. g3 Bg7 6. Bg2 Nge7
7. h4 h6 8. Nd5 d6 9. h5 Be6 10. hxg6 fxg6 11. Nxe7 Nxe7
12. Nd2 Qd7 13. Ne4 g5 14. Be3 Nf5 15. Qd2 Rb8 16. b4 b6
17. b5 O-O 18. a4 d5 19. cxd5 Bxd5 20. O-O Nd4 21. Nc3 Bxg2
22. Kxg2 Qf7 23. Rab1 c4 24. Rb4 cxd3 25. Qxd3 Rbc8 26. Ne4
Qd5 27. f3 Rf7 28. Bxd4 exd4 29. g4 Qe6 30. Rxd4 Bxd4 31. Qxd4
Rc4 32. Qd3 Rf4 33. Qd8+ Rf8 34. Qd3 Rxa4 35. Ng3 Raf4 36. Rc1
Re8 37. Rc6 Qf7 38. Rg6+ Kf8 39. Rxh6 Qg7 40. Nf5 Qe5 41. e3
Ra4 42. Ng3 Ra2+ 43. Kh3 Rf2 44. e4 Ra2 45. Rh7 Ra1 46. Qd7
Re7 47. Qc8+ Re8 48. Qc4 Re7 49. Qc8+ Re8 50. Qd7 Re7 51. Rxe7
Qxe7 52. Qc8+ Qe8 53. Qf5+ Qf7 54. Qc8+ Qe8 55. Qc3 Rd1
56. Nf5 Qg6 57. Qb4+ Kf7 58. Qb3+ Qe6 59. Qxd1 Kg6 60. Qd6 1-0

[Event "10th European Individual Women's Championship"]
[Site "St Petersburg RUS"]
[Date "2009.03.19"]
[EventDate "2009.03.08"]
[Round "11"]
[Result "1-0"]
[White "Olga Girya"]
[Black "Andjelija Stojanovic"]
[WhiteElo "2315"]
[BlackElo "2372"]
[PlyCount "81"]

1. e4 c5 2. Nf3 d6 3. d4 cxd4 4. Nxd4 Nf6 5. Nc3 Nc6 6. Bg5 e6
7. Qd2 Qb6 8. Nb3 a6 9. O-O-O Be7 10. f3 O-O 11. h4 Rd8 12. g4
Qc7 13. Be3 b5 14. g5 Nd7 15. h5 Nce5 16. f4 b4 17. Nb1 Nc4
18. Bxc4 Qxc4 19. Qg2 Bb7 20. N1d2 Qc7 21. Nd4 Rac8 22. Kb1
Nc5 23. Rdg1 f5 24. gxf6 Bxf6 25. Rc1 Re8 26. Rhg1 Na4 27. Qg4
Kh8 28. Rg3 Nxb2 29. Kxb2 Qc3+ 30. Kb1 Bxd4 31. Bxd4 Qxd4
32. e5 Rc7 33. Rd3 Qc5 34. Nb3 Qf2 35. exd6 Rd7 36. Qg5 Rc8
37. h6 Be4 38. Rd2 Qa7 39. hxg7+ Rxg7 40. d7 Rcg8 41. Qf6 1-0

[Event "Women Ch SRB"]
[Site "Grocka"]
[Date "2009.05.04"]
[EventDate "?"]
[Round "7"]
[Result "1/2-1/2"]
[White "Sandra Djukic"]
[Black "Andjelija Stojanovic"]
[WhiteElo "2183"]
[BlackElo "2351"]
[PlyCount "28"]

1. d4 d5 2. c4 c6 3. Nf3 Nf6 4. Nc3 dxc4 5. a4 Bf5 6. e3 e6
7. Bxc4 Bb4 8. O-O Nbd7 9. Qe2 Bg4 10. Rd1 Qa5 11. Bd2 Qh5
12. h3 Bxf3 13. Qxf3 Qxf3 14. gxf3 a5 1/2-1/2

[Event "Zenska liga Srbije"]
[Site "Pozarevac"]
[Date "2009.09.18"]
[EventDate "?"]
[Round "5"]
[Result "0-1"]
[White "Mila Nikolic"]
[Black "Andjelija Stojanovic"]
[WhiteElo "1963"]
[BlackElo "2323"]
[PlyCount "100"]

1. e4 d6 2. d4 Nf6 3. Nc3 e5 4. Nge2 exd4 5. Nxd4 Be7 6. Bc4
O-O 7. O-O c6 8. a4 Nxe4 9. Nxe4 d5 10. Bd3 dxe4 11. Bxe4 Bf6
12. Nf3 Na6 13. c3 Nc5 14. Bc2 b6 15. Be3 Ba6 16. Re1 Ne6
17. Qxd8 Bxd8 18. Rad1 c5 19. Be4 Rc8 20. Rd7 Rc7 21. Red1 Bc8
22. R7d2 Bf6 23. h3 Re8 24. Bc2 g6 25. Bb3 c4 26. Bc2 Bb7
27. Nd4 Nxd4 28. Bxd4 Bg5 29. Be3 Bxe3 30. fxe3 Rxe3 31. Rd7
Rxd7 32. Rxd7 Bxg2 33. Bxg6 hxg6 34. Kxg2 Re2+ 35. Kg3 a6
36. Ra7 Rxb2 37. Rxa6 Rb3 38. Kg4 Kg7 39. h4 Kh6 40. Kf4 f5
41. Ke5 Rxc3 42. Rxb6 Ra3 43. Rb4 c3 44. Rc4 c2 45. Rxc2 Rxa4
46. Rh2 Kh5 47. Kf6 Rxh4 48. Rg2 Ra4 49. Rh2+ Kg4 50. Kxg6
Ra6+ 0-1

[Event "17th European Team Championship (Women)"]
[Site "Novi Sad SRB"]
[Date "2009.10.23"]
[EventDate "2009.10.22"]
[Round "2"]
[Result "1-0"]
[White "Turkan Mamedjarova"]
[Black "Andjelija Stojanovic"]
[WhiteElo "2233"]
[BlackElo "2323"]
[PlyCount "37"]

1. e4 c5 2. c3 d5 3. exd5 Qxd5 4. Nf3 g6 5. Be2 Bg7 6. O-O Nh6
7. d4 cxd4 8. Nxd4 O-O 9. Bf3 Qd7 10. Qe2 a6 11. Re1 Re8
12. Na3 Qc7 13. Qc4 Qd8 14. Bg5 Nd7 15. Rad1 Qa5 16. Rxe7 Rxe7
17. Bxe7 Ne5 18. Nb3 Qb6 19. Qc5 1-0

[Event "17th European Team Championship (Women)"]
[Site "Novi Sad SRB"]
[Date "2009.10.26"]
[EventDate "2009.10.22"]
[Round "5"]
[Result "0-1"]
[White "Andjelija Stojanovic"]
[Black "Anita Gara"]
[WhiteElo "2323"]
[BlackElo "2365"]
[PlyCount "136"]

1. Nf3 c5 2. g3 Nc6 3. d4 cxd4 4. Nxd4 Nf6 5. Bg2 Qb6 6. Nxc6
dxc6 7. O-O e5 8. c4 Be6 9. Qc2 Be7 10. b3 O-O 11. Nc3 Rac8
12. Na4 Qa6 13. c5 Nd7 14. e4 b5 15. cxb6 axb6 16. Be3 Rfd8
17. Rfd1 b5 18. Nc5 Nxc5 19. Bxc5 Bxc5 20. Qxc5 Rxd1+ 21. Rxd1
Qxa2 22. Qxc6 h6 23. Qxb5 Bxb3 24. Re1 Qd2 25. Qf1 Rc2 26. Rd1
Qc3 27. Qe1 Qc5 28. Rb1 Ba2 29. Rd1 Kh7 30. h4 Be6 31. Rd2 Qc3
32. Rd1 Qb2 33. Rb1 Qa2 34. Ra1 Qc4 35. Bf1 Qc5 36. Bg2 Bg4
37. Ra5 Qd4 38. Ra1 Rxf2 39. Qxf2 Qxa1+ 40. Kh2 Be6 41. Bf3
Qa2 42. Qxa2 Bxa2 43. Kg2 Kg6 44. Kf2 Bb1 45. Ke3 Kf6 46. Bg4
Ke7 47. Bc8 Kd6 48. Bb7 Kc5 49. Ba6 Kb4 50. Bb7 Kc3 51. Bd5 f6
52. Bf7 Bd3 53. Be6 Bb5 54. Bf7 Kc2 55. Bh5 Bc4 56. Bf3 Bf7
57. h5 Bc4 58. Bg4 Kc1 59. Bf5 Kd1 60. Bd7 Be2 61. Be8 Ke1
62. Bg6 Bg4 63. Bf5 Bxh5 64. g4 Be8 65. Be6 Bb5 66. Kf3 Kd2
67. Bf5 Be2+ 68. Kg3 Ke3 0-1

[Event "17th European Team Championship (Women)"]
[Site "Novi Sad SRB"]
[Date "2009.10.27"]
[EventDate "2009.10.22"]
[Round "6"]
[Result "1/2-1/2"]
[White "Marlies Bensdorp"]
[Black "Andjelija Stojanovic"]
[WhiteElo "2325"]
[BlackElo "2323"]
[PlyCount "84"]

1. d4 d5 2. c4 c6 3. e3 Nf6 4. Nc3 g6 5. Bd3 Bg7 6. Nf3 O-O
7. O-O Bg4 8. h3 Bxf3 9. Qxf3 e6 10. b3 Nbd7 11. a4 a5 12. Ba3
Re8 13. Qd1 e5 14. cxd5 exd4 15. dxc6 dxc3 16. cxd7 Qxd7
17. Qc2 Qc7 18. Rad1 Qe5 19. Bb5 Red8 20. Rd3 Nd5 21. Rfd1 Bf6
22. Bc4 Nb4 23. Bxb4 axb4 24. Rd7 Rxd7 25. Rxd7 Be7 26. Qd1
Qf6 27. g3 b6 28. Rd4 Bc5 29. Rd7 Rf8 30. h4 h5 31. Qc2 Kg7
32. Qd1 Qf5 33. Rd5 Qg4 34. Qxg4 hxg4 35. Bd3 Kf6 36. Bc2 Ke6
37. Rd1 Ra8 38. Bd3 Ke5 39. Kf1 f5 40. Ke2 Rd8 41. Bc2 Ra8
42. Bd3 Rd8 1/2-1/2

[Event "17th European Team Championship (Women)"]
[Site "Novi Sad SRB"]
[Date "2009.10.28"]
[EventDate "2009.10.22"]
[Round "7"]
[Result "1-0"]
[White "Andjelija Stojanovic"]
[Black "Marta (Zielinska) Michna"]
[WhiteElo "2323"]
[BlackElo "2366"]
[PlyCount "95"]

1. Nf3 d6 2. d4 Bg4 3. e4 Nf6 4. Nc3 c6 5. h3 Bh5 6. Qe2 e6
7. g4 Bg6 8. h4 h5 9. g5 Nfd7 10. Bh3 Be7 11. Bf4 O-O
12. O-O-O d5 13. Nd2 Na6 14. Bg4 hxg4 15. h5 e5 16. hxg6 exf4
17. Qxg4 Bxg5 18. Rdg1 Bh6 19. Rxh6 gxh6 20. Qh5 Qf6 21. Qxh6
Qg7 22. gxf7+ Rxf7 23. Rxg7+ Rxg7 24. Nf3 Nc7 25. Qd6 Nb6
26. b3 Re8 27. Ne5 Re6 28. Qd8+ Re8 29. Qd6 Re6 30. Qd8+ Re8
31. Qh4 Ne6 32. exd5 Nxd4 33. Qxf4 c5 34. Kb2 Rf8 35. Qh4 Rh7
36. Qg5+ Rg7 37. Qh4 Rh7 38. Qg5+ Rg7 39. Qe3 Re8 40. Qf4 Rf8
41. Qd2 Rf5 42. f4 Nd7 43. Nc4 Nf6 44. Nd6 Rh5 45. Nde4 Nxe4
46. Nxe4 Rf7 47. Nxc5 Nb5 48. d6 1-0

[Event "11th World University Championship Women"]
[Site "Zuerich"]
[Date "2010.09.06"]
[EventDate "2010.??.??"]
[Round "2.4"]
[Result "1/2-1/2"]
[White "Tamara Cheremnova"]
[Black "Andjelija Stojanovic"]
[WhiteElo "2225"]
[BlackElo "2337"]
[PlyCount "133"]

1. d4 d5 2. c4 c6 3. Nc3 Nf6 4. e3 g6 5. Nf3 Bg7 6. Bd3 O-O
7. O-O Bg4 8. h3 Bxf3 9. Qxf3 e6 10. Rd1 Nbd7 11. b3 Re8
12. Bb2 Qe7 13. Bf1 h5 14. Rac1 a6 15. Rc2 b5 16. Rdc1 Nb6
17. cxd5 cxd5 18. Bd3 Nfd7 19. Qe2 e5 20. dxe5 Bxe5 21. Qd2
Nf6 22. a4 b4 23. Ne2 Bxb2 24. Rxb2 Ne4 25. Bxe4 dxe4 26. Qd4
Rab8 27. Rbc2 Red8 28. Qc5 Qxc5 29. Rxc5 Nd5 30. R1c4 Nc3
31. Nxc3 bxc3 32. Rxc3 Rd1+ 33. Kh2 Rb1 34. Rc6 R1xb3 35. Rxb3
Rxb3 36. Rxa6 Ra3 37. Kg3 Ra2 38. h4 Kg7 39. a5 Kh7 40. f3 Re2
41. Kf4 Rxg2 42. Kxe4 Rh2 43. Rb6 Rxh4+ 44. Kd5 Ra4 45. a6 Ra3
46. Kc6 Rxe3 47. a7 Ra3 48. Kb7 Rxa7+ 49. Kxa7 Kh6 50. Rb5 h4
51. Kb6 f5 52. Kc5 Kg5 53. Rb1 Kf4 54. Rg1 g5 55. Kd5 h3
56. Rh1 g4 57. fxg4 fxg4 58. Rf1+ Ke3 59. Rf8 g3 60. Rh8 h2
61. Ke5 Kf3 62. Kf5 Ke3 63. Ke5 Kf2 64. Kf4 Kg2 65. Kg4 h1=Q
66. Rxh1 Kxh1 67. Kxg3 1/2-1/2

[Event "11th World University Championship Women"]
[Site "Zuerich"]
[Date "2010.09.06"]
[EventDate "2010.??.??"]
[Round "3.6"]
[Result "1/2-1/2"]
[White "Andjelija Stojanovic"]
[Black "Dulamsuren Yanjindulam"]
[WhiteElo "2337"]
[BlackElo "2212"]
[PlyCount "124"]

1. Nf3 Nf6 2. g3 g6 3. Bg2 Bg7 4. O-O O-O 5. c4 d6 6. Nc3 c5
7. d4 Nc6 8. d5 Na5 9. Nd2 Bd7 10. Qc2 a6 11. b3 Qc8 12. Bb2
Bh3 13. Nce4 Bxg2 14. Kxg2 Nh5 15. Bxg7 Nxg7 16. Qc3 b6 17. f4
Nb7 18. Nf2 Nd8 19. e4 f5 20. Nf3 Qd7 21. Rfe1 b5 22. Re2 b4
23. Qb2 Nf7 24. Rae1 Rae8 25. exf5 Nxf5 26. Re4 Nd8 27. Qe2
Rf7 28. g4 Rg7 29. Kf1 Nh6 30. Ng5 Kh8 31. h3 a5 32. Qb2 Ng8
33. Kg2 h6 34. Ne6 Nxe6 35. Rxe6 Kh7 36. Qe2 Rf8 37. Nd3 a4
38. h4 Rf6 39. g5 Rf5 40. Kg3 h5 41. Nb2 Rgf7 42. Rf1 a3
43. Nd1 Qd8 44. Qe4 Qf8 45. Ne3 Qg7 46. Nxf5 Rxf5 47. Re1 Rf7
48. Re3 Rf5 49. Rxe7 Nxe7 50. Qxe7 Rf7 51. Qxd6 Qa1 52. Qe5
Qg1+ 53. Kf3 Qf1+ 54. Kg3 Qg1+ 55. Kf3 Qg4+ 56. Ke4 Qg2+
57. Rf3 Qc2+ 58. Rd3 Qe2+ 59. Re3 Qg2+ 60. Rf3 Qc2+ 61. Rd3
Qe2+ 62. Re3 Qg2+ 1/2-1/2

[Event "11th World University Championship Women"]
[Site "Zuerich"]
[Date "2010.09.07"]
[EventDate "2010.??.??"]
[Round "4.5"]
[Result "0-1"]
[White "Zhang Ying"]
[Black "Andjelija Stojanovic"]
[WhiteElo "2210"]
[BlackElo "2337"]
[PlyCount "116"]

1. e4 c5 2. Nf3 Nc6 3. d4 cxd4 4. Nxd4 e5 5. Nxc6 dxc6 6. Bd3
Nf6 7. O-O Bc5 8. Nd2 Be6 9. Qe2 O-O 10. Nc4 Nd7 11. Kh1 b5
12. Ne3 Qe7 13. Qh5 g6 14. Qh6 f5 15. f4 fxe4 16. Bxe4 exf4
17. Rxf4 Rxf4 18. Qxf4 Rf8 19. Qg3 Bd6 20. Qe1 Bc4 21. Nxc4
Qxe4 22. Bh6 Qxc4 23. Bxf8 Nxf8 24. Qf2 Qf4 25. Qxf4 Bxf4
26. Re1 Bd6 27. Re8 Kf7 28. Ra8 Ke6 29. Rxa7 Nd7 30. g3 h5
31. Kg2 Bc5 32. Ra8 Ne5 33. a4 bxa4 34. Rxa4 Kd5 35. Kh3 Nc4
36. b3 Ne3 37. c3 Be7 38. Ra7 Kd6 39. Ra8 g5 40. g4 hxg4+
41. Kg3 Bf6 42. c4 Be5+ 43. Kf2 Nf5 44. Rg8 Bf4 45. b4 Nd4
46. Rd8+ Ke5 47. Re8+ Kf5 48. Rd8 Ke4 49. Kg2 Nc2 50. b5 Ne3+
51. Kg1 cxb5 52. cxb5 Nc4 53. Rc8 Kd5 54. Rg8 Kc5 55. h4 gxh3
56. Rh8 h2+ 57. Kg2 Ne3+ 58. Kf3 Kxb5 0-1